000 00654nam a22002177a 4500
003 UA-OsUOA
001 42693
007 ta
008 20061114b un ||||| |||| 00| 0 ukr d
100 _aСнігир В.
090 _a94(477)
_bС-11
942 _cSA
040 _aUA-OsUOA
_bukr
_cUA-OsUOA
_dUA-OsUOA
245 _aУславлений давньоукраїнський книжник/ До 950-річчя від дня народження Нестора-літописця
300 _aС.7
955 _a0
041 _aukr
080 _a94(477)
773 0 _w42692
650 7 _a9 Географія. Біографії. Історія
_2UDC
999 _c328824
_d328824